<?xml version="1.0" encoding="UTF-8"?><marc:collection xmlns:marc="http://www.loc.gov/MARC21/slim">
  <marc:record>
    <marc:leader>02486nas a2200457 c 4500</marc:leader>
    <marc:controlfield tag="001">010000453</marc:controlfield>
    <marc:controlfield tag="003">DE-101</marc:controlfield>
    <marc:controlfield tag="005">20250709212650.0</marc:controlfield>
    <marc:controlfield tag="007">tu</marc:controlfield>
    <marc:controlfield tag="008">991118d19581982xx u||p|  ||| 0||||1ger c</marc:controlfield>
    <marc:datafield tag="016" ind1="7" ind2=" ">
      <marc:subfield code="2">DE-600</marc:subfield>
      <marc:subfield code="a">62-0</marc:subfield>
    </marc:datafield>
    <marc:datafield tag="016" ind1="7" ind2=" ">
      <marc:subfield code="2">DE-101</marc:subfield>
      <marc:subfield code="a">010000453</marc:subfield>
    </marc:datafield>
    <marc:datafield tag="022" ind1=" " ind2=" ">
      <marc:subfield code="a">0001-5318</marc:subfield>
    </marc:datafield>
    <marc:datafield tag="030" ind1=" " ind2=" ">
      <marc:subfield code="a">ABMGA</marc:subfield>
    </marc:datafield>
    <marc:datafield tag="035" ind1=" " ind2=" ">
      <marc:subfield code="a">(DE-599)ZDB62-0</marc:subfield>
    </marc:datafield>
    <marc:datafield tag="035" ind1=" " ind2=" ">
      <marc:subfield code="a">(OCoLC)1367319376</marc:subfield>
    </marc:datafield>
    <marc:datafield tag="040" ind1=" " ind2=" ">
      <marc:subfield code="a">9001</marc:subfield>
      <marc:subfield code="b">ger</marc:subfield>
      <marc:subfield code="c">DE-101</marc:subfield>
      <marc:subfield code="d">9999</marc:subfield>
    </marc:datafield>
    <marc:datafield tag="041" ind1=" " ind2=" ">
      <marc:subfield code="a">ger</marc:subfield>
    </marc:datafield>
    <marc:datafield tag="042" ind1=" " ind2=" ">
      <marc:subfield code="a">zdb</marc:subfield>
    </marc:datafield>
    <marc:datafield tag="044" ind1=" " ind2=" ">
      <marc:subfield code="c">XA-DDDE</marc:subfield>
    </marc:datafield>
    <marc:datafield tag="082" ind1="7" ind2="4">
      <marc:subfield code="a">570</marc:subfield>
      <marc:subfield code="a">610</marc:subfield>
      <marc:subfield code="q">DE-600</marc:subfield>
      <marc:subfield code="2">22sdnb</marc:subfield>
    </marc:datafield>
    <marc:datafield tag="210" ind1="0" ind2="0">
      <marc:subfield code="a">Acta biol. med. germ</marc:subfield>
    </marc:datafield>
    <marc:datafield tag="210" ind1="0" ind2="0">
      <marc:subfield code="a">Acta Biol. Med. Ger.</marc:subfield>
    </marc:datafield>
    <marc:datafield tag="245" ind1="0" ind2="0">
      <marc:subfield code="a">Acta biologica et medica Germanica</marc:subfield>
      <marc:subfield code="b">Zeitschr. f. funktionelle Biowissenschaften</marc:subfield>
      <marc:subfield code="c">Hrsg. A. Graffi [u.a.]</marc:subfield>
    </marc:datafield>
    <marc:datafield tag="264" ind1="3" ind2="1">
      <marc:subfield code="a">Berlin</marc:subfield>
      <marc:subfield code="b">Akad.-Verl.</marc:subfield>
      <marc:subfield code="c">1958-1982</marc:subfield>
    </marc:datafield>
    <marc:datafield tag="336" ind1=" " ind2=" ">
      <marc:subfield code="a">Text</marc:subfield>
      <marc:subfield code="b">txt</marc:subfield>
      <marc:subfield code="2">rdacontent</marc:subfield>
    </marc:datafield>
    <marc:datafield tag="337" ind1=" " ind2=" ">
      <marc:subfield code="a">ohne Hilfsmittel zu benutzen</marc:subfield>
      <marc:subfield code="b">n</marc:subfield>
      <marc:subfield code="2">rdamedia</marc:subfield>
    </marc:datafield>
    <marc:datafield tag="338" ind1=" " ind2=" ">
      <marc:subfield code="a">Band</marc:subfield>
      <marc:subfield code="b">nc</marc:subfield>
      <marc:subfield code="2">rdacarrier</marc:subfield>
    </marc:datafield>
    <marc:datafield tag="362" ind1="0" ind2=" ">
      <marc:subfield code="a">1.1958 - 41.1982</marc:subfield>
    </marc:datafield>
    <marc:datafield tag="363" ind1="0" ind2="0">
      <marc:subfield code="8">1.1\x</marc:subfield>
      <marc:subfield code="a">1</marc:subfield>
      <marc:subfield code="i">1958</marc:subfield>
    </marc:datafield>
    <marc:datafield tag="363" ind1="1" ind2="0">
      <marc:subfield code="8">1.2\x</marc:subfield>
      <marc:subfield code="a">41</marc:subfield>
      <marc:subfield code="i">1982</marc:subfield>
    </marc:datafield>
    <marc:datafield tag="591" ind1=" " ind2=" ">
      <marc:subfield code="a">C</marc:subfield>
    </marc:datafield>
    <marc:datafield tag="655" ind1=" " ind2="7">
      <marc:subfield code="0">(DE-588)4067488-5</marc:subfield>
      <marc:subfield code="0">https://d-nb.info/gnd/4067488-5</marc:subfield>
      <marc:subfield code="0">(DE-101)040674886</marc:subfield>
      <marc:subfield code="a">Zeitschrift</marc:subfield>
      <marc:subfield code="2">gnd-content</marc:subfield>
    </marc:datafield>
    <marc:datafield tag="776" ind1="0" ind2="8">
      <marc:subfield code="i">Erscheint auch als</marc:subfield>
      <marc:subfield code="n">Online-Ausgabe</marc:subfield>
      <marc:subfield code="t">Acta biologica et medica Germanica</marc:subfield>
      <marc:subfield code="d">Berlin : Akad.-Verl., [1958-1982]</marc:subfield>
      <marc:subfield code="h">Online-Ressource</marc:subfield>
      <marc:subfield code="w">(DE-600)3116740-8</marc:subfield>
      <marc:subfield code="w">(DE-101)1255849630</marc:subfield>
    </marc:datafield>
    <marc:datafield tag="785" ind1="0" ind2="0">
      <marc:subfield code="i">Forts.:</marc:subfield>
      <marc:subfield code="t">Biomedica biochimica acta</marc:subfield>
      <marc:subfield code="d">Berlin : Akad.-Verl., 1983-1991</marc:subfield>
      <marc:subfield code="x">0232-766X</marc:subfield>
      <marc:subfield code="w">(DE-600)283559-9</marc:subfield>
      <marc:subfield code="w">(DE-101)011764961</marc:subfield>
    </marc:datafield>
    <marc:datafield tag="787" ind1="0" ind2="8">
      <marc:subfield code="i">36,3/6=8; 40,4/5=9 von</marc:subfield>
      <marc:subfield code="a">Internationales Symposium über Struktur und Funktion der Erythrocyten</marc:subfield>
      <marc:subfield code="t">Internationales Symposium über Struktur und Funktion der Erythrozyten</marc:subfield>
      <marc:subfield code="d">Berlin : Akad.-Verl., 1972-1981</marc:subfield>
      <marc:subfield code="w">(DE-600)231802-7</marc:subfield>
      <marc:subfield code="w">(DE-101)011385480</marc:subfield>
    </marc:datafield>
    <marc:datafield tag="787" ind1="0" ind2="8">
      <marc:subfield code="i">36,11/12=3; 40,10/11=4 von</marc:subfield>
      <marc:subfield code="t">Intracellular protein catabolism</marc:subfield>
      <marc:subfield code="d">Halle, Saale : Univ., 1974-</marc:subfield>
      <marc:subfield code="w">(DE-600)1008831-3</marc:subfield>
      <marc:subfield code="w">(DE-101)015420566</marc:subfield>
    </marc:datafield>
    <marc:datafield tag="787" ind1="0" ind2="8">
      <marc:subfield code="i">37,5/6=2 von</marc:subfield>
      <marc:subfield code="a">International Symposium on Prostaglandins</marc:subfield>
      <marc:subfield code="t">International Symposium on Prostaglandins</marc:subfield>
      <marc:subfield code="d">Berlin : Akad.-Verl., 1978-1978</marc:subfield>
      <marc:subfield code="w">(DE-600)581149-1</marc:subfield>
      <marc:subfield code="w">(DE-101)013298437</marc:subfield>
    </marc:datafield>
    <marc:datafield tag="787" ind1="0" ind2="8">
      <marc:subfield code="i">38,5/6=5 von</marc:subfield>
      <marc:subfield code="a">Regional Conference on Interferon and Interferon Inducers</marc:subfield>
      <marc:subfield code="t">Papers / Regional Conference on Interferon and Interferon Inducers</marc:subfield>
      <marc:subfield code="d">Berlin : Akad.-Verl., 1979-</marc:subfield>
      <marc:subfield code="w">(DE-600)781086-6</marc:subfield>
      <marc:subfield code="w">(DE-101)014287811</marc:subfield>
    </marc:datafield>
    <marc:datafield tag="787" ind1="0" ind2="8">
      <marc:subfield code="i">39,11/12=2; 41,12=3 von</marc:subfield>
      <marc:subfield code="a">International Workshop Isolated Pancreatic Islets and Diabetes Research</marc:subfield>
      <marc:subfield code="t">International Workshop Isolated Pancreatic Islets and Diabetes Research</marc:subfield>
      <marc:subfield code="d">Berlin : Akad.-Verl., 1980-</marc:subfield>
      <marc:subfield code="w">(DE-600)233435-5</marc:subfield>
      <marc:subfield code="w">(DE-101)011399961</marc:subfield>
    </marc:datafield>
    <marc:datafield tag="850" ind1=" " ind2=" ">
      <marc:subfield code="a">DE-101a</marc:subfield>
      <marc:subfield code="a">DE-101b</marc:subfield>
    </marc:datafield>
  </marc:record>
</marc:collection>
